[Event "7MCRV_F"]
[Site "?"]
[Date "2007.??.??"]
[Round "?"]
[White "Batka, Josef"]
[Black "Brousek, Jiri"]
[Result "1/2-1/2"]
[WhiteElo "2285"]
[BlackElo "2308"]
[PlyCount "104"]
[EventDate "2007.??.??"]
[EventType "corr"]
[SourceDate "2007.09.24"]

1. e4 e6 2. d4 d5 3. e5 c5 4. c3 Qb6 5. Nf3 Bd7 6. Be2 cxd4 7. cxd4 Bb5 8. Nc3
Bxe2 9. Qxe2 Ne7 10. O-O Nbc6 11. Rd1 Rc8 12. Na4 Qa5 13. b3 Nf5 14. g4 Nfe7
15. Bd2 Qc7 16. Rac1 h5 17. h3 hxg4 18. hxg4 Ng6 19. b4 a6 20. a3 Be7 21. Kg2
Nh4+ 22. Nxh4 Rxh4 23. Be3 Kd7 24. Qf3 Rf8 25. Rh1 Rxh1 26. Rxh1 b5 27. Nb2 a5
28. Nd3 axb4 29. axb4 Nxb4 30. Nxb4 Bxb4 31. Rh7 Qc2 32. Rxg7 Qe4 33. Kg3 Qxf3+
34. Kxf3 Be7 35. Rh7 b4 36. Rh1 Kc6 37. Rc1+ Kb5 38. Ke2 Rb8 39. Rc7 b3 40. Bc1
Bb4 41. Rxf7 Ba5 42. g5 Rc8 43. Rb7+ Ka6 44. Rxb3 Rxc1 45. Rb8 Re1+ 46. Kd3
Rd1+ 47. Ke3 Bb6 48. Re8 Bxd4+ 49. Kf4 Bxf2 50. g6 Rg1 51. Rxe6+ Kb5 52. Rd6
Kc5 1/2-1/2

[Event "7MCRV_F"]
[Site "?"]
[Date "2007.??.??"]
[Round "?"]
[White "Batka, Josef"]
[Black "Jandovsky, Viktor"]
[Result "0-1"]
[WhiteElo "2285"]
[BlackElo "2275"]
[PlyCount "112"]
[EventDate "2007.??.??"]
[EventType "corr"]
[SourceDate "2007.09.24"]

1. e4 e6 2. d4 d5 3. e5 c5 4. c3 Nc6 5. Nf3 Bd7 6. Be2 Nge7 7. O-O cxd4 8. cxd4
Nf5 9. Nc3 Rc8 10. a3 Be7 11. Bd3 g6 12. Be3 Nxe3 13. fxe3 O-O 14. Rc1 f6 15.
exf6 Bxf6 16. Qe1 Qe7 17. Qg3 a6 18. Ne2 Qg7 19. b4 e5 20. Nxe5 Nxe5 21. Rxc8
Rxc8 22. dxe5 Bxe5 23. Qf3 Bc6 24. Bc2 Rd8 25. Bb3 Kh8 26. Nf4 Qd7 27. Nd3 Bg7
28. Nf4 d4 29. Qg3 Qd6 30. Qh4 Rf8 31. Rd1 Bd7 32. Bc2 Be8 33. Be4 Bf7 34. exd4
Re8 35. Bc2 Bxd4+ 36. Kh1 Qf6 37. Qxf6+ Bxf6 38. g3 Bc4 39. Kg1 Bb2 40. a4 g5
41. Nh3 Bf6 42. Nf2 Bc3 43. Be4 b5 44. axb5 Bxb5 45. Rd5 g4 46. Rg5 Be2 47. Bd3
Bd4 48. Bxe2 Rxe2 49. Rf5 Kg7 50. Rf4 Bxf2+ 51. Rxf2 Rxf2 52. Kxf2 Kf6 53. Ke3
Ke5 54. Kd3 Kd5 55. Kc3 Ke4 56. Kb3 Kd3 0-1

[Event "7MCRV_F"]
[Site "?"]
[Date "2007.??.??"]
[Round "?"]
[White "Batka, Josef"]
[Black "Jirku, Jaroslav"]
[Result "1/2-1/2"]
[WhiteElo "2285"]
[BlackElo "2299"]
[PlyCount "85"]
[EventDate "2007.??.??"]
[EventType "corr"]
[SourceDate "2007.09.24"]

1. e4 e5 2. Nc3 Nc6 3. Bc4 Nf6 4. d3 Bb4 5. Nf3 d5 6. exd5 Nxd5 7. O-O Bxc3 8.
bxc3 O-O 9. Ng5 h6 10. Qf3 Nf6 11. Ne4 Nxe4 12. Qxe4 Na5 13. Bb3 Re8 14. Be3
Be6 15. f3 Nxb3 16. axb3 Bd5 17. Qg4 Qd6 18. c4 Bc6 19. c5 Qf6 20. Rfe1 a6 21.
Bd2 Re6 22. Bc3 Qe7 23. b4 Re8 24. Qg3 h5 25. Qh3 Qg5 26. Re2 f5 27. Bd2 f4 28.
Be1 Qg6 29. Bc3 Qg5 30. Be1 Qf6 31. Rb1 Qh6 32. Bc3 R8e7 33. Rd1 h4 34. d4 exd4
35. Rxe6 Qxe6 36. Qxe6+ Rxe6 37. Rxd4 g5 38. Kf2 Kf7 39. Bd2 Kg6 40. c4 Re8 41.
h3 Ba4 42. Rd3 Re7 43. Rd8 1/2-1/2

[Event "7MCRV_F"]
[Site "?"]
[Date "2007.??.??"]
[Round "?"]
[White "Batka, Josef"]
[Black "Kostal, Jindrich"]
[Result "1/2-1/2"]
[WhiteElo "2285"]
[BlackElo "2338"]
[PlyCount "114"]
[EventDate "2007.??.??"]
[EventType "corr"]
[SourceDate "2007.09.24"]

1. e4 e5 2. Nc3 Nf6 3. Bc4 Bc5 4. d3 d6 5. Nf3 c6 6. O-O O-O 7. Bg5 h6 8. Bh4
Bg4 9. h3 Bh5 10. Na4 b5 11. Nxc5 bxc4 12. Na4 Nbd7 13. Re1 cxd3 14. Qxd3 Qc7
15. Nc3 Nc5 16. Qe3 Nfd7 17. g4 Bg6 18. Rad1 Rfe8 19. Re2 Bh7 20. Red2 Nb7 21.
Bg3 Nb6 22. b3 f6 23. Nh4 d5 24. Qe2 Rad8 25. exd5 cxd5 26. Nxd5 Nxd5 27. Rxd5
Qxc2 28. Qxc2 Bxc2 29. Rxd8 Rxd8 30. Re1 Rd1 31. Rxd1 Bxd1 32. Ng2 g5 33. Ne3
Bf3 34. Nc4 Nc5 35. Nd2 Bd5 36. f3 Nd3 37. a3 Nc1 38. b4 Ne2+ 39. Kg2 Nc3 40.
Bf2 a6 41. Bc5 Kg7 42. Kf2 Kg6 43. Nf1 h5 44. Ng3 h4 45. Nf5 Be6 46. Nd6 Bd7
47. Ne4 Nxe4+ 48. fxe4 Bc6 49. Kf3 Bb5 50. Kf2 Bd3 51. Kf3 Bf1 52. a4 Bc4 53.
b5 axb5 54. a5 Be6 55. a6 Bc8 56. a7 Bb7 57. Be7 Kf7 1/2-1/2

[Event "7MCRV_F"]
[Site "?"]
[Date "2007.??.??"]
[Round "?"]
[White "Batka, Josef"]
[Black "Novak, Vratislav"]
[Result "1/2-1/2"]
[WhiteElo "2285"]
[BlackElo "2288"]
[PlyCount "119"]
[EventDate "2007.??.??"]
[EventType "corr"]
[SourceDate "2007.09.24"]

1. e4 e5 2. Nc3 Nf6 3. Bc4 Nc6 4. d3 Na5 5. Nge2 c6 6. O-O Be7 7. Bb3 O-O 8. d4
d6 9. Be3 Ng4 10. Bd2 exd4 11. Nxd4 Bf6 12. Bf4 Ne5 13. Qe2 Bg4 14. f3 Bd7 15.
Qf2 b5 16. Nde2 Qe7 17. Rfd1 b4 18. Na4 c5 19. c3 Qe8 20. Bxe5 Bxe5 21. f4 Bf6
22. e5 Bd8 23. Bd5 Rb8 24. b3 Bxa4 25. bxa4 dxe5 26. Kh1 exf4 27. cxb4 Rxb4 28.
Qxc5 Rxa4 29. Qc2 Bf6 30. Rab1 Be5 31. Ng1 Rd4 32. Nf3 Rxd1+ 33. Rxd1 Bf6 34.
Qf5 Nc6 35. Be4 g6 36. Qxf4 Bg7 37. Bd5 Ne7 38. Bb3 Nf5 39. Qc7 Nd4 40. Re1 Qc6
41. Qxc6 Nxc6 42. Bd5 Rc8 43. Rc1 Ne7 44. Rxc8+ Nxc8 45. Ng5 Nd6 46. Ne4 Nf5
47. Ng5 Nh6 48. h3 Bf6 49. Ne4 Kg7 50. g4 Be5 51. Kg2 f5 52. g5 Nf7 53. Nc5
Nxg5 54. Ne6+ Nxe6 55. Bxe6 Kf6 56. Bc8 a5 57. Bd7 g5 58. Kf2 Bd6 59. Kg2 Ke5
60. Kf3 1/2-1/2

[Event "7MCRV_F"]
[Site "?"]
[Date "2007.??.??"]
[Round "?"]
[White "Batka, Josef"]
[Black "Pytlik, Lesek"]
[Result "1-0"]
[WhiteElo "2285"]
[BlackElo "2383"]
[PlyCount "145"]
[EventDate "2007.??.??"]
[EventType "corr"]
[SourceDate "2007.09.24"]

1. e4 d6 2. d4 Nf6 3. Nc3 g6 4. f4 Bg7 5. Nf3 O-O 6. Bd3 Na6 7. e5 Nd7 8. O-O
Nb4 9. Bc4 Nb6 10. Bb3 d5 11. Nh4 e6 12. Nf3 a5 13. Bd2 Nc4 14. a3 Nxd2 15.
Qxd2 Nc6 16. Ba4 Ne7 17. Bb5 b6 18. Qf2 c6 19. Bd3 a4 20. Rad1 Ra5 21. Rfe1 Bd7
22. Ne2 Qc7 23. Qh4 Re8 24. Ng3 c5 25. c3 Nc6 26. Nf1 Qd8 27. Qh3 cxd4 28. cxd4
b5 29. Ne3 b4 30. Ng4 h5 31. Ne3 Qb6 32. Bf1 Re7 33. g4 f5 34. gxf5 gxf5 35.
Qxh5 Be8 36. Qg5 Rb7 37. h4 Qd8 38. Rc1 Ra8 39. h5 bxa3 40. bxa3 Kh8 41. Kf2
Bf8 42. Nc2 Qxg5 43. Nxg5 Nd8 44. Be2 Rb3 45. Na1 Rxa3 46. Rc7 Ra2 47. Rg1 Rb2
48. h6 Bg6 49. h7 Bb4 50. Ne4 fxe4 51. Rxg6 Nb7 52. Rxe6 a3 53. f5 Rf8 54. f6
Na5 55. Ra6 a2 56. Rd7 Nc4 57. Rxd5 Kxh7 58. Rc6 Na3 59. Rd7+ Kh6 60. Ke3 Rb1
61. Rcc7 Rh8 62. Rg7 Rxa1 63. Rg4 Bd2+ 64. Kxe4 Rf1 65. Rcg7 Rf4+ 66. Rxf4 Bxf4
67. Rg1 Nc2 68. Kxf4 a1=Q 69. Rxa1 Nxa1 70. e6 Nb3 71. Ke5 Kg5 72. d5 Nc5 73.
Bb5 1-0

[Event "7MCRV_F"]
[Site "?"]
[Date "2007.??.??"]
[Round "?"]
[White "Batka, Josef"]
[Black "Schwarz, Jan"]
[Result "0-1"]
[WhiteElo "2285"]
[BlackElo "2257"]
[PlyCount "96"]
[EventDate "2007.??.??"]
[EventType "corr"]
[SourceDate "2007.09.24"]

1. e4 c5 2. c3 d5 3. exd5 Qxd5 4. d4 Nf6 5. Nf3 Bg4 6. Be2 e6 7. h3 Bh5 8. O-O
Nc6 9. Be3 cxd4 10. Nxd4 Bxe2 11. Qxe2 Be7 12. Nb5 Qe5 13. f4 Qb8 14. Nd2 O-O
15. c4 Rd8 16. Rad1 a6 17. Nc3 Nd4 18. Qf2 Nf5 19. Nde4 b5 20. Rxd8+ Qxd8 21.
Rd1 Qc7 22. Bc5 bxc4 23. Bxe7 Nxe4 24. Nxe4 Nxe7 25. Nc5 Ng6 26. Rd4 e5 27.
fxe5 Nxe5 28. Rd5 a5 29. Qd4 Re8 30. Ne4 h6 31. Nd6 Re6 32. Nf5 a4 33. a3 Kh7
34. Nd6 f6 35. Qe4+ Kg8 36. Qd4 Qb8 37. Ne4 Kh7 38. Rd6 Re8 39. Rd5 Re7 40. Rd8
Qb5 41. Rd5 Qe8 42. Nc5 Ng6 43. Rf5 Qb5 44. Qd2 Nh4 45. Rd5 Qe8 46. Kf2 Nxg2
47. Rd8 Qh5 48. Nd7 Kg6 0-1

[Event "7MCRV_F"]
[Site "?"]
[Date "2007.??.??"]
[Round "?"]
[White "Batka, Josef"]
[Black "Sykora, Josef"]
[Result "1/2-1/2"]
[WhiteElo "2285"]
[BlackElo "2366"]
[PlyCount "112"]
[EventDate "2007.??.??"]
[EventType "corr"]
[SourceDate "2007.09.24"]

1. e4 c5 2. c3 Nf6 3. e5 Nd5 4. d4 cxd4 5. Nf3 Nc6 6. Bc4 Nb6 7. Bb3 d5 8. exd6
Qxd6 9. O-O Be6 10. Na3 dxc3 11. Qe2 Bxb3 12. Nb5 Qb8 13. axb3 g6 14. Be3 Nc8
15. bxc3 Bg7 16. Rad1 a6 17. Nbd4 O-O 18. Nxc6 bxc6 19. Qc2 Nd6 20. Rfe1 Rd8
21. Bg5 f6 22. Be3 e5 23. b4 Qb7 24. Qb3+ Qf7 25. Qa4 Bf8 26. Bc5 Qb7 27. Nd2
Kg7 28. h3 h5 29. Nb3 Qb5 30. Qa2 Qc4 31. Qc2 Qf7 32. Bb6 Re8 33. Na5 Nb5 34.
Re2 Rab8 35. Be3 Qe6 36. Red2 Be7 37. Qb2 Rbd8 38. Rxd8 Rxd8 39. Rxd8 Bxd8 40.
c4 Nd4 41. Bxd4 exd4 42. Qxd4 Qe1+ 43. Kh2 Bc7+ 44. f4 Qe6 45. Nb7 g5 46. Nc5
Qf5 47. Qe4 Bxf4+ 48. g3 Qxe4 49. Nxe4 Be3 50. Nd6 Kg6 51. b5 cxb5 52. cxb5
axb5 53. Nxb5 f5 54. Kg2 Kf7 55. g4 fxg4 56. hxg4 h4 1/2-1/2

[Event "7MCRV_F"]
[Site "?"]
[Date "2007.??.??"]
[Round "?"]
[White "Brousek, Jiri"]
[Black "Cipka, Ivan"]
[Result "1/2-1/2"]
[WhiteElo "2308"]
[BlackElo "2300"]
[PlyCount "57"]
[EventDate "2007.??.??"]
[EventType "corr"]
[SourceDate "2007.09.24"]

1. d4 d5 2. Nf3 Nf6 3. e3 c5 4. c4 cxd4 5. exd4 Nc6 6. Nc3 Bg4 7. cxd5 Nxd5 8.
Qb3 Bxf3 9. gxf3 e6 10. Qxb7 Nxd4 11. Bb5+ Nxb5 12. Qc6+ Ke7 13. Qxb5 Nxc3 14.
bxc3 Rb8 15. Qc5+ Ke8 16. Qxa7 Bd6 17. O-O Rb5 18. Qd4 Qc7 19. f4 Rg8 20. c4
Rc5 21. Rd1 Rc6 22. Qd3 f5 23. a4 Ke7 24. Ba3 Bxa3 25. Qxa3+ Kf7 26. Rac1 h6
27. Rd4 Rd8 28. Rxd8 Qxd8 29. h3 1/2-1/2

[Event "7MCRV_F"]
[Site "?"]
[Date "2007.??.??"]
[Round "?"]
[White "Brousek, Jiri"]
[Black "Jandovsky, Viktor"]
[Result "0-1"]
[WhiteElo "2308"]
[BlackElo "2275"]
[PlyCount "51"]
[EventDate "2007.??.??"]
[EventType "corr"]
[SourceDate "2007.09.24"]

1. d4 Nf6 2. Nf3 g6 3. Nc3 d5 4. Bf4 Bg7 5. e3 O-O 6. Be2 c5 7. Ne5 Nc6 8. O-O
cxd4 9. exd4 Bf5 10. Nxc6 bxc6 11. Qd2 c5 12. Be5 Rc8 13. Rfd1 cxd4 14. Qxd4
Bxc2 15. Rdc1 Bf5 16. Bf3 Be4 17. Bxe4 Rc4 18. Qd3 Nxe4 19. Bxg7 Kxg7 20. Nxd5
Rxc1+ 21. Rxc1 Nf6 22. Rd1 Qxd5 23. Qxd5 Nxd5 24. Rxd5 Rc8 25. b3 Rc1+ 26. Rd1
0-1

[Event "7MCRV_F"]
[Site "?"]
[Date "2007.??.??"]
[Round "?"]
[White "Brousek, Jiri"]
[Black "Kostal, Jindrich"]
[Result "1/2-1/2"]
[WhiteElo "2308"]
[BlackElo "2338"]
[PlyCount "56"]
[EventDate "2007.??.??"]
[EventType "corr"]
[SourceDate "2007.09.24"]

1. d4 Nf6 2. Nf3 e6 3. e3 c5 4. Bd3 d5 5. b3 Nbd7 6. Bb2 Bd6 7. O-O b6 8. Ne5
O-O 9. f4 Ne4 10. c4 Bb7 11. Bxe4 dxe4 12. Nc3 cxd4 13. Nxd7 dxc3 14. Qxd6 cxb2
15. Rab1 Re8 16. Rfd1 e5 17. Nxe5 Qxd6 18. Rxd6 Rad8 19. Rxd8 Rxd8 20. Rxb2 f6
21. Ng4 Rd1+ 22. Kf2 Kf7 23. h3 h5 24. Nh2 h4 25. Nf1 Rc1 26. Nd2 Bc6 27. a4
Ke7 28. Nb1 a6 1/2-1/2

[Event "7MCRV_F"]
[Site "?"]
[Date "2007.??.??"]
[Round "?"]
[White "Brousek, Jiri"]
[Black "Pecka, Josef"]
[Result "1/2-1/2"]
[WhiteElo "2308"]
[BlackElo "2292"]
[PlyCount "48"]
[EventDate "2007.??.??"]
[EventType "corr"]
[SourceDate "2007.09.24"]

1. d4 Nf6 2. Nf3 d5 3. e3 c5 4. c4 cxd4 5. exd4 Nc6 6. Nc3 Bg4 7. cxd5 Nxd5 8.
Qb3 Nb6 9. Be3 Bxf3 10. gxf3 e6 11. O-O-O Be7 12. d5 exd5 13. Nxd5 Nxd5 14. Bc4
Ncb4 15. Kb1 O-O 16. Bxd5 Nxd5 17. Qxd5 Qxd5 18. Rxd5 Rfd8 19. Rxd8+ Bxd8 20.
Rd1 a6 21. Rd7 b5 22. Kc2 Kf8 23. Kd3 Bf6 24. b3 Rd8 1/2-1/2

[Event "7MCRV_F"]
[Site "?"]
[Date "2007.??.??"]
[Round "?"]
[White "Brousek, Jiri"]
[Black "Priesol, Daniel"]
[Result "1-0"]
[WhiteElo "2308"]
[BlackElo "2288"]
[PlyCount "63"]
[EventDate "2007.??.??"]
[EventType "corr"]
[SourceDate "2007.09.24"]

1. d4 Nf6 2. Nf3 e6 3. e3 b6 4. Bd3 Bb7 5. c4 d5 6. O-O dxc4 7. Bxc4 a6 8. Nc3
Nbd7 9. a4 Bd6 10. Re1 c5 11. d5 exd5 12. e4 O-O 13. exd5 Re8 14. Bg5 Rxe1+ 15.
Qxe1 h6 16. Bh4 Qc7 17. Rd1 Re8 18. Qf1 Qc8 19. Bg3 Bxg3 20. hxg3 Ne5 21. Nxe5
Rxe5 22. d6 Re8 23. f3 Rd8 24. Qe2 Rd7 25. Ne4 Ne8 26. Bd5 Bxd5 27. Rxd5 Nc7
28. Re5 Ne6 29. f4 Kh7 30. a5 bxa5 31. Qd3 Kg8 32. f5 1-0

[Event "7MCRV_F"]
[Site "?"]
[Date "2007.??.??"]
[Round "?"]
[White "Brousek, Jiri"]
[Black "Pytlik, Lesek"]
[Result "1/2-1/2"]
[WhiteElo "2308"]
[BlackElo "2383"]
[PlyCount "55"]
[EventDate "2007.??.??"]
[EventType "corr"]
[SourceDate "2007.09.24"]

1. d4 Nf6 2. Nf3 d5 3. e3 c5 4. c4 e6 5. Nc3 Nc6 6. Bd3 a6 7. O-O dxc4 8. Bxc4
b5 9. Bd3 cxd4 10. exd4 Be7 11. a4 b4 12. Ne4 Bb7 13. Re1 O-O 14. Nc5 Bxc5 15.
dxc5 Qd5 16. Bf4 Rfd8 17. Bd6 Nd4 18. Bxh7+ Kxh7 19. Qxd4 Qxd4 20. Nxd4 Ne4 21.
Rxe4 Bxe4 22. f3 Bd5 23. a5 Ra7 24. Ra4 Rb7 25. Nc2 Rb5 26. Nd4 Rb7 27. Nc2 Rb5
28. Nd4 1/2-1/2

[Event "7MCRV_F"]
[Site "?"]
[Date "2007.??.??"]
[Round "?"]
[White "Brousek, Jiri"]
[Black "Schwarz, Jan"]
[Result "0-1"]
[WhiteElo "2308"]
[BlackElo "2257"]
[PlyCount "102"]
[EventDate "2007.??.??"]
[EventType "corr"]
[SourceDate "2007.09.24"]

1. d4 Nf6 2. Nf3 e6 3. e3 c5 4. Bd3 b6 5. O-O Bb7 6. c4 Be7 7. Nc3 cxd4 8. exd4
d5 9. cxd5 Nxd5 10. Ne5 O-O 11. Qg4 f5 12. Qe2 Bf6 13. Bc4 Re8 14. f4 Nc6 15.
Bxd5 exd5 16. Be3 Rc8 17. Rac1 g6 18. b3 Be7 19. Nb1 Bf8 20. Qf3 a6 21. Nc3 Ba3
22. Qxd5+ Qxd5 23. Nxd5 Bxc1 24. Rxc1 Re6 25. Nxb6 Nxe5 26. Rxc8+ Bxc8 27. dxe5
Rc6 28. Nc4 Be6 29. Na3 a5 30. Bd2 Ra6 31. Kf2 a4 32. b4 Ra8 33. Ke3 Bxa2 34.
b5 Kf7 35. Bb4 Ke8 36. Kd4 Rc8 37. Bc5 Kd7 38. Nc2 Bb3 39. Na3 h6 40. h4 g5 41.
hxg5 hxg5 42. fxg5 Rg8 43. Bd6 Rxg5 44. Kc5 Kc8 45. Kc6 Bf7 46. b6 Be8+ 47. Kd5
Kb7 48. Nc4 Bb5 49. e6 Bxc4+ 50. Kxc4 Rxg2 51. e7 Rg8 0-1

[Event "7MCRV_F"]
[Site "?"]
[Date "2007.??.??"]
[Round "?"]
[White "Brousek, Jiri"]
[Black "Sykora, Josef"]
[Result "1/2-1/2"]
[WhiteElo "2308"]
[BlackElo "2366"]
[PlyCount "86"]
[EventDate "2007.??.??"]
[EventType "corr"]
[SourceDate "2007.09.24"]

1. d4 d5 2. Nf3 c6 3. Bf4 Bf5 4. e3 e6 5. Bd3 Bd6 6. Bxf5 exf5 7. Bxd6 Qxd6 8.
O-O Nf6 9. c4 O-O 10. cxd5 cxd5 11. Nc3 Nc6 12. Qb3 a6 13. Rac1 b5 14. Ne2 Ne4
15. Nf4 Ne7 16. Rc2 g5 17. Nh5 Rfc8 18. Rfc1 Qe6 19. Ne5 f6 20. Rxc8+ Rxc8 21.
Rxc8+ Qxc8 22. Nd3 Kf7 23. f3 Nd6 24. Nc5 Kg6 25. Ng3 h5 26. Qc3 Nc6 27. Nd3
Qe8 28. Nf1 h4 29. Qc5 Nc4 30. Kf2 Qe6 31. g3 hxg3+ 32. hxg3 Qd6 33. b3 Qxc5
34. Nxc5 Nb2 35. Nxa6 Nd3+ 36. Ke2 Nc1+ 37. Kd2 Nxa2 38. Nc7 Nab4 39. Nxb5 f4
40. Kc3 Na2+ 41. Kc2 fxg3 42. Nxg3 f5 43. f4 g4 1/2-1/2

[Event "7MCRV_F"]
[Site "?"]
[Date "2007.??.??"]
[Round "?"]
[White "Cipka, Ivan"]
[Black "Batka, Josef"]
[Result "1/2-1/2"]
[WhiteElo "2300"]
[BlackElo "2285"]
[PlyCount "65"]
[EventDate "2007.??.??"]
[EventType "corr"]
[SourceDate "2007.09.24"]

1. e4 c5 2. Nf3 Nc6 3. d4 cxd4 4. Nxd4 Nf6 5. Nc3 e5 6. Ndb5 d6 7. Nd5 Nxd5 8.
exd5 Ne7 9. a4 a6 10. Nc3 Ng6 11. Bd3 Be7 12. O-O f5 13. Ra3 O-O 14. Be3 f4 15.
Bd2 f3 16. g3 Bh3 17. Re1 Qd7 18. Re4 Bg2 19. Rb3 Qh3 20. Rxb7 Bh1 21. Qf1 Bg2
22. Qe1 Bh1 23. Bf1 Bg2 24. Nd1 Bxf1 25. Qxf1 Qc8 26. Rbb4 Qxc2 27. Bc3 Bg5 28.
Rec4 Qf5 29. Rc6 e4 30. Rb7 Ne5 31. Bxe5 Qxe5 32. Rcc7 Bh6 33. Qc4 1/2-1/2

[Event "7MCRV_F"]
[Site "?"]
[Date "2007.??.??"]
[Round "?"]
[White "Cipka, Ivan"]
[Black "Jirku, Jaroslav"]
[Result "1/2-1/2"]
[WhiteElo "2300"]
[BlackElo "2299"]
[PlyCount "68"]
[EventDate "2007.??.??"]
[EventType "corr"]
[SourceDate "2007.09.24"]

1. e4 e5 2. Nf3 Nc6 3. Bb5 a6 4. Ba4 Nf6 5. O-O Be7 6. Re1 b5 7. Bb3 O-O 8. a4
b4 9. d4 d6 10. dxe5 dxe5 11. Qxd8 Rxd8 12. Bg5 Rb8 13. h3 Kf8 14. Nbd2 Nd7 15.
Bd5 Nb6 16. Bxe7+ Nxe7 17. Bb3 f6 18. a5 Nd7 19. Bc4 Nc5 20. Nb3 Nxb3 21. cxb3
Bb7 22. Re3 Nc6 23. Re2 Rd6 24. Kh2 Nd4 25. Nxd4 Rxd4 26. f3 Ke7 27. Rc1 Rbd8
28. Rec2 c6 29. Kg3 g6 30. Kf2 f5 31. exf5 gxf5 32. g4 Kf6 33. gxf5 Kxf5 34.
Ke3 Kf6 1/2-1/2

[Event "7MCRV_F"]
[Site "?"]
[Date "2007.??.??"]
[Round "?"]
[White "Cipka, Ivan"]
[Black "Kuchta, Jiri"]
[Result "1/2-1/2"]
[WhiteElo "2300"]
[BlackElo "2244"]
[PlyCount "89"]
[EventDate "2007.??.??"]
[EventType "corr"]
[SourceDate "2007.09.24"]

1. e4 e5 2. Nf3 Nc6 3. Bb5 a6 4. Ba4 Nf6 5. O-O Be7 6. Re1 b5 7. Bb3 O-O 8. a4
b4 9. d4 d6 10. dxe5 dxe5 11. Qxd8 Rxd8 12. Nbd2 Bd6 13. a5 h6 14. h3 Rb8 15.
Bc4 Bb7 16. Bd3 Nd7 17. Nb3 Nc5 18. Bc4 Kf8 19. Bd2 f6 20. h4 h5 21. Nxc5 Bxc5
22. b3 Ke7 23. Be3 Bxe3 24. Rxe3 g6 25. Rd3 Rxd3 26. Bxd3 Nd8 27. Ne1 c5 28. f3
Nc6 29. Bc4 Nd4 30. Kh2 Kd6 31. Bf7 g5 32. Kg3 Rf8 33. Bc4 Rh8 34. Rd1 Rh7 35.
hxg5 h4+ 36. Kh2 fxg5 37. Rd2 Rh8 38. Nd3 h3 39. Rf2 hxg2+ 40. Kxg2 Rh6 41. Kg3
Rh1 42. Kg2 Rh8 43. Kg3 Bc8 44. Kg2 Rh4 45. Bd5 1/2-1/2

[Event "7MCRV_F"]
[Site "?"]
[Date "2007.??.??"]
[Round "?"]
[White "Cipka, Ivan"]
[Black "Kuta, Jiri"]
[Result "0-1"]
[WhiteElo "2300"]
[BlackElo "2328"]
[PlyCount "120"]
[EventDate "2007.??.??"]
[EventType "corr"]
[SourceDate "2007.09.24"]

1. e4 c5 2. Nf3 Nc6 3. d4 cxd4 4. Nxd4 Nf6 5. Nc3 e5 6. Ndb5 d6 7. Nd5 Nxd5 8.
exd5 Nb8 9. Bd3 Be7 10. O-O O-O 11. c4 a6 12. Nc3 f5 13. Be3 Nd7 14. f4 exf4
15. Bxf4 Ne5 16. Be3 Ng4 17. Bd4 Bg5 18. Qb3 Be3+ 19. Bxe3 Nxe3 20. Rf4 g5 21.
Rf3 Ng4 22. Raf1 f4 23. Ne4 Bf5 24. c5 Bxe4 25. Bxe4 Qf6 26. Rd3 Rae8 27. h3
Ne5 28. Rdd1 Nd7 29. Qc2 Nxc5 30. Bxh7+ Kg7 31. b4 Nd7 32. Be4 Ne5 33. Rc1 b5
34. Bf3 Nc4 35. Qf2 Re7 36. a4 Ne3 37. Rfe1 bxa4 38. Qa2 g4 39. Bxg4 Nxg4 40.
hxg4 Rxe1+ 41. Rxe1 Qd4+ 42. Qf2 Qxf2+ 43. Kxf2 Rb8 44. Kf3 Rxb4 45. Re7+ Kg8
46. Ra7 Rb6 47. Rc7 a3 48. Rc4 a5 49. Ra4 Rb3+ 50. Ke2 Kg7 51. Rxa5 Kf6 52. Ra6
Ke5 53. g5 Kxd5 54. g6 Rg3 55. Kf2 Kc5 56. g7 Kb4 57. Rb6+ Ka4 58. Ra6+ Kb3 59.
Rb6+ Ka2 60. Rb7 d5 0-1

[Event "7MCRV_F"]
[Site "?"]
[Date "2007.??.??"]
[Round "?"]
[White "Cipka, Ivan"]
[Black "Nejtek, Jiri"]
[Result "1/2-1/2"]
[WhiteElo "2472"]
[BlackElo "2449"]
[PlyCount "43"]
[EventDate "2007.??.??"]
[EventType "corr"]
[SourceDate "2007.09.24"]

1. e4 e5 2. Nf3 Nc6 3. Bb5 Nf6 4. O-O Nxe4 5. d4 Nd6 6. Bxc6 dxc6 7. dxe5 Nf5
8. Qxd8+ Kxd8 9. h3 Ne7 10. Rd1+ Ke8 11. Nc3 Ng6 12. Be3 Be6 13. a3 Rd8 14. Kh2
Rd7 15. g3 Be7 16. Kg2 c5 17. Re1 Bf5 18. Re2 h5 19. Rb1 a5 20. Rbe1 b6 21. Ng5
Rg8 22. Nb5 1/2-1/2

[Event "7MCRV_F"]
[Site "?"]
[Date "2007.??.??"]
[Round "?"]
[White "Cipka, Ivan"]
[Black "Novak, Vratislav"]
[Result "1/2-1/2"]
[WhiteElo "2300"]
[BlackElo "2288"]
[PlyCount "41"]
[EventDate "2007.??.??"]
[EventType "corr"]
[SourceDate "2007.09.24"]

1. e4 e6 2. d4 d5 3. Nc3 Bb4 4. e5 c5 5. a3 Bxc3+ 6. bxc3 Qc7 7. Qg4 f5 8. Qg3
Ne7 9. Qxg7 Rg8 10. Qxh7 cxd4 11. Kd1 Bd7 12. Rb1 Nbc6 13. Nf3 O-O-O 14. cxd4
Rh8 15. Qg7 Rdg8 16. Qf6 Rf8 17. Qg5 f4 18. c3 Rhg8 19. Qh4 Rh8 20. Qg4 Rhg8
21. Qh3 1/2-1/2

[Event "7MCRV_F"]
[Site "?"]
[Date "2007.??.??"]
[Round "?"]
[White "Cipka, Ivan"]
[Black "Strnad, Jiri"]
[Result "1/2-1/2"]
[WhiteElo "2300"]
[BlackElo "2258"]
[PlyCount "65"]
[EventDate "2007.??.??"]
[EventType "corr"]
[SourceDate "2007.09.24"]

1. e4 c5 2. Nf3 d6 3. d4 cxd4 4. Nxd4 Nf6 5. Nc3 g6 6. Be3 Bg7 7. f3 O-O 8. Be2
Nc6 9. O-O d5 10. Qd3 dxe4 11. fxe4 Ne5 12. Qd2 Neg4 13. Nb3 Nxe3 14. Qxe3 Ng4
15. Bxg4 Bxg4 16. e5 Qc7 17. Rae1 Rfd8 18. Rf2 Be6 19. Nc5 Bf5 20. h3 Rac8 21.
Nb3 Be6 22. Nb5 Qc4 23. N5d4 Bd5 24. c3 Qa6 25. a3 f5 26. exf6 exf6 27. Nd2 f5
28. Rfe2 Qb6 29. N2f3 Bc4 30. Rd2 Bf7 31. Qf2 Re8 32. Rde2 Rxe2 33. Rxe2
1/2-1/2

[Event "7MCRV_F"]
[Site "?"]
[Date "2007.??.??"]
[Round "?"]
[White "Cipka, Ivan"]
[Black "Valak, Alois"]
[Result "1/2-1/2"]
[WhiteElo "2300"]
[BlackElo "2361"]
[PlyCount "59"]
[EventDate "2007.??.??"]
[EventType "corr"]
[SourceDate "2007.09.24"]

1. e4 c5 2. Nf3 d6 3. d4 cxd4 4. Nxd4 Nf6 5. Nc3 a6 6. Be3 e5 7. Nb3 Be7 8. Be2
O-O 9. O-O Be6 10. f4 exf4 11. Rxf4 Nc6 12. Qe1 Nd7 13. Rf1 Nde5 14. Nd5 f5 15.
Nf4 Qd7 16. Nxe6 Qxe6 17. Rxf5 Rxf5 18. exf5 Qxf5 19. Qc3 Bf6 20. Rf1 Qe6 21.
Bd2 d5 22. Qe3 Re8 23. c3 Qd7 24. Bh5 Rf8 25. Bc1 Be7 26. Rxf8+ Bxf8 27. Be2
Bd6 28. Nc5 Qe7 29. Nd3 Bb8 30. Kh1 1/2-1/2

[Event "7MCRV_F"]
[Site "?"]
[Date "2007.??.??"]
[Round "?"]
[White "Jandovsky, Viktor"]
[Black "Cipka, Ivan"]
[Result "1/2-1/2"]
[WhiteElo "2275"]
[BlackElo "2300"]
[PlyCount "45"]
[EventDate "2007.??.??"]
[EventType "corr"]
[SourceDate "2007.09.24"]

1. e4 e5 2. Nf3 Nf6 3. Nxe5 d6 4. Nf3 Nxe4 5. d4 d5 6. Bd3 Bd6 7. O-O O-O 8. c4
c6 9. Re1 Re8 10. Nc3 Nxc3 11. bxc3 Rxe1+ 12. Qxe1 h6 13. Ne5 Nd7 14. f4 Nf6
15. c5 Bc7 16. Rb1 Qe7 17. Qh4 Qe8 18. c4 Ne4 19. cxd5 cxd5 20. Qe1 f6 21. Nc4
b6 22. cxb6 Bxb6 23. Nxb6 1/2-1/2

[Event "7MCRV_F"]
[Site "?"]
[Date "2007.??.??"]
[Round "?"]
[White "Jandovsky, Viktor"]
[Black "Kuchta, Jiri"]
[Result "1-0"]
[WhiteElo "2275"]
[BlackElo "2244"]
[PlyCount "141"]
[EventDate "2007.??.??"]
[EventType "corr"]
[SourceDate "2007.09.24"]

1. e4 e5 2. Nf3 Nc6 3. Bb5 a6 4. Ba4 Nf6 5. O-O Be7 6. Re1 b5 7. Bb3 O-O 8. c3
d6 9. h3 Na5 10. Bc2 c5 11. d4 Qc7 12. Nbd2 cxd4 13. cxd4 Bb7 14. d5 Rac8 15.
Bd3 Nd7 16. Nf1 f5 17. Ng3 f4 18. Nf5 Bf6 19. Bd2 Nc4 20. Bxc4 bxc4 21. Bb4 Nc5
22. Rc1 a5 23. Bxc5 Qxc5 24. Nd2 Ba6 25. Nxc4 Bxc4 26. b3 Qa3 27. bxc4 g6 28.
Nh6+ Kg7 29. Ng4 Qxa2 30. Nxf6 Rxf6 31. c5 dxc5 32. Ra1 Qb2 33. Rxa5 Rf7 34.
Qg4 Rcc7 35. Qe2 Qc3 36. Raa1 c4 37. Rec1 Qb3 38. Qc2 Qxc2 39. Rxc2 Rc5 40. f3
Rfc7 41. Kf2 Kf7 42. Ke2 Ke8 43. Ra6 Rb7 44. Re6+ Re7 45. Rxe7+ Kxe7 46. Kd2
Ra5 47. Rxc4 Kd7 48. Rc6 Ra2+ 49. Rc2 Ra6 50. Rb2 Kc7 51. h4 Ra1 52. Kd3 Ra4
53. Rc2+ Kd7 54. Ke2 Ra1 55. Rc6 Ra2+ 56. Kf1 Ra1+ 57. Kf2 Rh1 58. Re6 Rxh4 59.
Rxe5 Rh1 60. Re6 Kd8 61. Rf6 g5 62. Rf7 Ke8 63. Rg7 h6 64. Rh7 Ra1 65. Rxh6
Ra2+ 66. Kg1 Kf7 67. e5 Re2 68. Rh7+ Ke8 69. Rh8+ Kd7 70. e6+ Kd6 71. Rd8+ 1-0